| 000 | 00847nam a2200205Ia 4500 | ||
|---|---|---|---|
| 001 | 10000 | ||
| 003 | GE_BSU | ||
| 008 | 181216s||||||||xx |||||||||||||| ||und|| | ||
| 040 | _cGE_BSU | ||
| 080 | _a821.353.1+821.353.1-1+821.353.1-92 | ||
| 245 | _aპირველი სხივი: სტალინის სახ.თბილისის სახ. უნივერსიტეტის სტუდენთა ლიტერატურული წრის ალმანახი | ||
| 245 | _bწ.4 | ||
| 245 | _c[სარედ. კოლ.ბ.ჟღენტი (რედ.)და სხვ. | ||
| 260 | _aთბილისი | ||
| 260 | _bუნივერსიტეტის გამ–ბა | ||
| 260 | _c1954 | ||
| 300 | _a390გვ.24სმ. | ||
| 653 | _aპირველი სხივი | ||
| 942 | _cBK | ||
| 999 |
_c43273 _d43273 |
||